LEADER 01023cam0-2200337---450- 001 990005686670403321 005 20140519153840.0 010 $a2-7307-0226-1 035 $a000568667 035 $aFED01000568667 035 $a(Aleph)000568667FED01 035 $a000568667 100 $a19990604e19831869km-y0itay50------ba 101 0 $afre 102 $aFR 105 $a--------000by 200 1 $a<>nuit et le moment, ou, Les matines de cythere$fM. de Crébillon le fils 205 $aRipr. facs. 210 $aPlan de la Tour$cEditions d'Aujourd'Hui$d1983 215 $a154 p.$d16 cm 225 1 $a<>introuvables 324 $aRipr. facs. dell'ed.: Bruxelles, 1869 676 $a842.5 700 1$aCrébillon,$bClaude-Prosper Jolyot de$f<1707-1777 >$0388702 801 0$aIT$bUNINA$gRICA$2UNIMARC 901 $aBK 912 $a990005686670403321 952 $a843.5 CREB 2(1)$bBibl.59369$fFLFBC 959 $aFLFBC 996 $aNuit et le moment, ou, Les matines de cythere$9602118 997 $aUNINA LEADER 00856nam2 2200241 i 450 001 VAN0049565 005 20090722120000.0 100 $a20060811d1978 |0itac50 ba 101 $aita 102 $aIT 105 $a||||f ||||| 200 1 $aˆ3: ‰Fluidi-Lotta biologica 210 $aRoma$cIstituto della enciclopedia italiana$dc1978 215 $aIX, 1080 p., [65] c. di tav.$cill.$d32 cm. 461 1$1001VAN0046902$12001 $aEnciclopedia del Novecento$1205 $aRoma : Istituto della Enciclopedia italiana$1210 $dv. ; 32 cm$1215 $aDir. Aldo Ferrabino.$v3 606 $aEnciclopedie$3VANC017470$2FI 620 $dRoma$3VANL000360 676 $a035.1$v21 712 $aIstituto della Enciclopedia italiana$3VANV108292$4650 801 $aIT$bSOL$c20230616$gRICA 912 $aVAN0049565 996 $aFluidi-Lotta biologica$91405972 997 $aUNICAMPANIA LEADER 01099nam0 2200277 i 450 001 VAN0013588 005 20220428022719.19 010 $a05-200-7103-4 100 $a20030407d1991 |0itac50 ba 101 $aeng 102 $aUS 105 $a|||| ||||| 200 1 $aFinal judgments$eduty and emotions in Roman wills, 200 b.C.-a.D. 250$fEdward Champlin 210 $aBerkeley$cUniversity of California$d1991 215 $aXI, 217 p.$d24 cm. 606 $aTestamento$xDiritto romano$3VANC007198$2FI 606 $aRoma antica$xVita sociale$xStoria$xsec.2.a.C.-3.d.C.$3VANC007199$2FI 620 $dBerkeley$3VANL000353 700 1$aChamplin$bEdward$3VANV009786$0206390 712 $aUniversity of California $3VANV029894$4650 801 $aIT$bSOL$c20240315$gRICA 899 $aBIBLIOTECA DEL DIPARTIMENTO DI GIURISPRUDENZA$1IT-CE0105$2VAN00 912 $aVAN0013588 950 $aBIBLIOTECA DEL DIPARTIMENTO DI GIURISPRUDENZA$d00CONS XVIII.Ef.6 $e00 17099 20030407 996 $aFinal judgments$9749596 997 $aUNICAMPANIA